000 01127nam a2200313 i 4500
001 12957
003 ES-MaACL
005 20250809051432.0
007 t|
008 921001s1992 sp a |||| | spa j
020 _a84-7600-764-7
080 _a910.1"14/15"
080 _a528.9"14/15"
100 1 _aLíter Mayayo, Carmen
_972569
245 1 0 _aGeografía y cartografía renacentistas /
_cCarmen Líter Mayayo, Ana Herrero Vigil, Francisca Sanchis Ballester.
260 _aTorrejón de Ardoz, Madrid :
_bAkal,
_c[1992]
300 _a63 p. :
_bil. col. y n. ;
_c24 cm.
490 1 _aAkal historia de la ciencia y de la técnica ;
_v13
504 _aBibliografía: p. 63.
650 1 4 _aGeografía-
_yS.XV.
_9161624
650 1 4 _aGeografía-
_yS.XVI.
_9161625
650 4 _aCartografía-
_vHistoria-
_yS.XV.
_9161626
650 4 _aCartografía-
_vHistoria-
_yS.XVI.
_9161627
700 1 _aHerrero Vigil, Ana
_963347
700 1 _aSanchis Ballester, Francisca,
_d1945-
_9103009
830 0 0 _aAkal.
_pHistoria de la ciencia y de la técnica
_v13
_9179395
852 _aES-MaACL
_jL-20260
999 _c12957
_d12957